000 00993nam a2200265 4500
005 20170909020001.0
008 160624s2016 ck ab|||r|||| 00| 0 spa d
020 _a9789588889696 (impreso)
020 _a9789588889702 (digital)
040 _aCO-BoIAVH
_cCO-BoIAVH
041 0 _aspa
044 _ack
082 0 4 _a354.35
_bN28u
245 0 0 _aNaturaleza urbana :
_bPlataforma de experiencias /
_ceditado por María Angélica Mejía
260 _aBogotá, Colombia :
_bInstituto de Investigación de Recursos Biológicos Alexander von Humboldt,
_c2016.
300 _a208 páginas :
_bilustraciones a color y mapas ;
_c25 x 20 cm.
504 _aIncluye referencias bibliográficas
650 2 4 _aBiodiversidad urbana
650 2 4 _aServicios ecosistémicos urbanos
650 2 4 _a Ecología urbana
650 2 4 _aOrdenamiento territorial urbano
651 2 6 _aColombia
700 1 _aMejía, María Angélica
_eeditora
942 _2ddc
_cLIBRO
_01
999 _c18819
_d18819